000 01569cad a22003495a 4500
001 L147038
008 090324s2009 xxkd f v 000 0 eng d
035 _a(Sirsi) u147038
041 0 _aeng
050 0 4 _a333.33 $2 18
110 2 _aNelson Bakewell
_92525
245 0 0 _aRepair, replace, improve?
_h[electronic resource]
260 _aLondon
_bNB Real Estate
_c2009
520 _aReveals that the application of empty rates charging has raised the importance of works made to commercial property. With reference to some case law, examines some of the differences and the implications of these differences.
521 _aAdvanced
590 _aKA NTK
650 2 4 _aRATING (EMPTY PROPERTIES) ACT 2007
650 2 4 _aWEXLER V PLAYLE (VO)
650 2 4 _aSAUNDERS V MALTBY (VO)
650 2 4 _aLOCAL GOVERNMENT AND FINANCES ACT 1988
650 2 4 _aBENJAMIN (VO) V ANSTON PROPERTIES LTD
650 2 4 _aRATING (VALUATION) ACT 1999
650 2 4 _aBRIGHTON MARINE PALACE AND PIER COMPANY V DG REES(VO)
650 2 4 _aFLUOR DANIEL PROPERTIES LTD V SHORTLANDS INVESTMENTS LTD
650 2 4 _aSCOTTISH MUTUAL ASSURANCE PLC V JARDINE PUBLIC RELATIONS LTD
650 2 4 _aRAVENSEFT PROPERTIES LTD V DAVSTONE HOLDINGS LTD
650 2 4 _aHOLDINGS MANAGEMENT LTD V PROPERTY HOLDINGS AND INVESTMENT TRUST PLC
651 4 _aUnited Kingdom
_y
690 _aPROPERTY-COMMERCIAL PROPERTY-COMMERCIAL PROPERTY TAXATION-BUSINESS RATES
856 4 0 _uhttps://www.nelson-bakewell.com/Company/research.aspx
_zView the item free of charge at www.nelson-bakewell.com...
942 _n0
999 _c109420
_d109420